Konkurencieschopnosť regiónov cestovného ruchu - metódy merania
Konkurencieschopnosť regiónov cestovného ruchu - definície a modely. Ukazovatele konkurencieschopnosti regiónov cestovného ruchu. Index konkurencieschopnosti cestovného ruchu. Taxonomické metódy. Aplikácia GDM na posúdenie konkurencieschopnosti sudetských obcí.
Enregistré dans:
| Auteur principal: | |
|---|---|
| Format: | Chapitre de livre |
| Langue: | slovaque |
| Sujets: | |
| Tags: |
Pas de tags, Soyez le premier à ajouter un tag!
|
MARC
| LEADER | 00000naa a2200000 4500 | ||
|---|---|---|---|
| 001 | 0190602 | ||
| 005 | 20231016074732.9 | ||
| 041 | 0 | |a slo | |
| 044 | |a SK | ||
| 245 | 1 | 0 | |a Konkurencieschopnosť regiónov cestovného ruchu - metódy merania |c Piotr Gryszel |
| 520 | |a Konkurencieschopnosť regiónov cestovného ruchu - definície a modely. Ukazovatele konkurencieschopnosti regiónov cestovného ruchu. Index konkurencieschopnosti cestovného ruchu. Taxonomické metódy. Aplikácia GDM na posúdenie konkurencieschopnosti sudetských obcí. | ||
| 610 | 2 | 0 | |a ruch cestovný |
| 610 | 2 | 0 | |a regióny |
| 610 | 2 | 0 | |a konkurencieschopnosť |
| 610 | 2 | 0 | |a konkurencia |
| 610 | 2 | 0 | |a indexy |
| 610 | 2 | 0 | |a Poľsko |
| 100 | 1 | |a Gryszel, Piotr | |